000 01534nam a2200493 i 4500
001 43560
003 KOSZ 005
005 20200506151218.0
008 030313s2003 pl a f |000 0 pol
015 _aUWD 2003/5038
020 _a8388840290
035 _a991020377479705066
035 _a(PL-WaBN)b15525260-48omnis_nlop
035 _ab15525260
035 _a(OCoLC)749511088
035 _a(PL)b0000001552526
035 _a(EXLNZ-48OMNIS_NETWORK)9910177020305606
040 _aWA N
_cWA N
_dKOSZ 005/HR
041 0 _apol
046 _k2003
080 _a005.574
080 _a316.47
080 _a(075.8)
100 1 _aKamiński, Jacek
_c(ekonomia)
_eAutor
245 1 0 _aNegocjowanie :
_btechniki rozwiązywania konfliktów /
_cJacek Kamiński.
260 _aWarszawa :
_b"Poltext",
_c2003.
300 _a216 s. :
_bil. ;
_c24 cm.
336 _aTekst
_btxt
_2rdacontent
337 _aBez urządzenia pośredniczącego
_bn
_2rdamedia
338 _aWolumin
_bnc
_2rdacarrier
380 _aKsiążki
380 _aPublikacje fachowe
388 _a2001-
490 1 _aWarsztaty Menedżerskie
504 _aBibliogr.
650 7 _aNegocjacje
_2DBN
655 7 _aPodręczniki akademickie
_2DBN
658 _aZarządzanie i marketing
710 2 _aWydawnictwo Poltext
_4pbl
830 0 _aWarsztaty Menedżerskie
856 _uhttp://koha.tu.koszalin.pl/cgi-bin/koha/opac-detail.pl?biblionumber=43560
_yKatalog online BPK
942 _2UKD
_cKS
999 _c43560
_d43560